[Event "PRO League Group Stage"]
[Site "masterchessopen.com chess.com INT"]
[Date "2017.02.15"]
[Round "6"]
[White "Sambuev,B"]
[Black "Hungaski,R"]
[Result "1-0"]
[WhiteElo "2539"]
[BlackElo "2488"]

1.d4 d5 2.Nf3 Nf6 3.e3 e6 4.Bd3 c5 5.b3 Nc6 6.O-O cxd4 7.exd4 Bd6 8.Bb2 O-O
9.a3 b6 10.Nbd2 Bb7 11.Ne5 Ne7 12.Qe2 Rc8 13.Ndf3 Ne4 14.c4 Ng6 15.Nxg6 hxg6
16.b4 Ng5 17.c5 Nxf3+ 18.Qxf3 Be7 19.Rac1 Bf6 20.Qe2 bxc5 21.dxc5 Bxb2 22.Qxb2
d4 23.b5 Qd5 24.c6 Ba8 25.f4 Rc7 26.Rfe1 Rb8 27.Qc2 Qd6 28.Re4 Qxa3 29.Rxd4 a6
30.Ra4 Qd6 31.Rxa6 Qxf4 32.Qc5 Bb7 33.Rb6 Rbc8 34.Rf1 Qd2 35.Be4 Ba8 36.Ra6 f5
37.Bf3 g5 38.Qe5 Re7 39.h3 Qb4 40.Rfa1 Ree8 41.Bh5 g6 42.Bxg6 Bxc6 43.Rxc6
{#r} 1-0

[Event "PRO League Group Stage"]
[Site "masterchessopen.com chess.com INT"]
[Date "2017.02.15"]
[Round "6"]
[White "Abhishek,K"]
[Black "Bernotas,A"]
[Result "1-0"]
[WhiteElo "2381"]
[BlackElo "2332"]

1.d4 Nf6 2.c4 e6 3.Nf3 b6 4.a3 Ba6 5.Qb3 d5 6.cxd5 exd5 7.g3 Bd6 8.Bg2 O-O
9.Nc3 Re8 10.O-O Bc4 11.Qc2 Nbd7 12.b3 Ba6 13.Bb2 Rc8 14.Rfd1 Qe7 15.e3 c6
16.Nh4 g6 17.a4 Nf8 18.a5 b5 19.Nf3 b4 20.Na4 Ne4 21.Rac1 Ne6 22.Ne5 f5 23.Nd3
Qb7 24.Nac5 N6xc5 25.dxc5 Bf8 26.Nf4 Bg7 27.Bxg7 Qxg7 28.Rd4 Rb8 29.h4 Nc3
30.Qd2 Qe7 31.Rxb4 Rxb4 32.Qxc3 Reb8 33.Nxd5 Qb7 34.Nxb4 Qb5 35.Nxc6 {#r} 1-0

[Event "PRO League Group Stage"]
[Site "masterchessopen.com chess.com INT"]
[Date "2017.02.15"]
[Round "6"]
[White "Leskovar,Mat"]
[Black "Sambuev,B"]
[Result "0-1"]
[WhiteElo "2306"]
[BlackElo "2539"]

1.d4 e6 2.Nf3 Nf6 3.Bg5 c5 4.e3 d5 5.Nbd2 Be7 6.c3 Nbd7 7.Bd3 b6 8.Ne5 Nxe5
9.dxe5 Nd7 10.Bxe7 Qxe7 11.f4 O-O 12.O-O f6 13.exf6 Rxf6 14.e4 Bb7 15.Qe2 c4
16.Bc2 Raf8 17.exd5 Bxd5 18.Nxc4 Rxf4 19.Ne3 Qc5 20.Rxf4 Rxf4 21.Kh1 Bc6
22.Bb3 Qe5 23.Re1 Nc5 24.Bc2 g6 25.Qd2 Ne4 26.Bxe4 Qxe4 27.Nc2 Qd5 28.Qxd5
Bxd5 29.Kg1 Bxa2 30.Nd4 Bd5 31.Nxe6 Re4 32.Rxe4 Bxe4 33.Kf2 Bd5 34.Nf4 Bc6
35.Ke3 Kf7 36.g3 g5 37.Nd3 Ke6 38.Kd4 Bf3 39.c4 Be2 40.Nf2 a5 41.Ne4 h6 42.Nc3
Bf1 43.Nd5 b5 44.cxb5 Kd6 45.b6 Kc6 46.b7 Kxb7 47.Kc5 Bd3 48.Ne7 Kc7 49.Nc6 a4
50.Ne5 Be2 51.Nf7 Kd7 52.Kd5 Ke7 53.Nxh6 Kf6 54.Ke4 Bd1 55.h3 Bc2+ 56.Ke3 Ke5
57.Ng4+ Kd5 58.Nf2 Kc4 59.Kd2 Bf5 60.g4 Bg6 61.Nd1 Kd4 62.Nc3 Be8 63.Ne2+ Ke4
64.Kc3 Kf3 65.Nd4+ Kg3 66.Ne6 Kh4 67.Kd4 Bd7 68.Ke5 Bxe6 69.Kxe6 Kxh3 70.Kf5
Kh4 {#R} 0-1

[Event "PRO League Group Stage"]
[Site "masterchessopen.com chess.com INT"]
[Date "2017.02.15"]
[Round "6"]
[White "Molner,M"]
[Black "Wang,Jason"]
[Result "1-0"]
[WhiteElo "2450"]
[BlackElo "2006"]

1.e4 c5 2.Nf3 e6 3.d4 cxd4 4.Nxd4 a6 5.c4 Nf6 6.Nc3 Bb4 7.Qd3 Qc7 8.Nc2 Bc5
9.Be2 Nc6 10.O-O O-O 11.Be3 Ne5 12.Qd1 d6 13.Rc1 Bd7 14.b4 Bxe3 15.Nxe3 Rfd8
16.a3 Rac8 17.Qd4 Be8 18.Rfd1 Qe7 19.Qd2 Nc6 20.f3 g6 21.Bf1 Kg7 22.Qf2 e5
23.Ncd5 Nxd5 24.Nxd5 Qe6 25.g3 Nd4 26.f4 f6 27.fxe5 dxe5 28.Bh3 Qxh3 29.Qxf6+
Kh6 30.Qf8+ Kg5 31.Rxd4 Bc6 32.Qf6+ Kh6 33.Qxe5 Rf8 34.Rd2 Rce8 35.Qd4 Rf7
36.Qe3+ Kg7 37.Qc3+ Kh6 38.Qe3+ Kg7 39.Re1 Ref8 40.Qc3+ Kh6 41.Qe3+ Kg7 42.Nf4
Qc8 43.e5 Re7 44.e6 Rfe8 45.Qe5+ Kg8 46.b5 axb5 47.cxb5 Bf3 48.Rd3 Bg4 49.Rd6
Bf3 50.Qe3 Bg4 51.Qd4 Bf3 52.Kf2 Bg4 53.Nd5 Rxe6 54.Rexe6 Rxe6 55.Nf6+ Kf7
56.Rd7+ Re7 57.Rxe7+ Kxe7 58.Nxg4 Qc2+ 59.Kf3 Qf5+ 60.Kg2 Qc2+ 61.Nf2 Ke6
62.Qe4+ Qxe4+ 63.Nxe4 Ke5 64.Nc5 {#r} 1-0

[Event "PRO League Group Stage"]
[Site "masterchessopen.com chess.com INT"]
[Date "2017.02.15"]
[Round "6"]
[White "Van der Lende,I"]
[Black "Delaney,K"]
[Result "1-0"]
[WhiteElo "2315"]
[BlackElo "2230"]

1.d4 Nf6 2.Nd2 c5 3.dxc5 Na6 4.Ngf3 Nxc5 5.e3 g6 6.Be2 Bg7 7.O-O O-O 8.c4 d5
9.Nb3 b6 10.Nxc5 bxc5 11.cxd5 Nxd5 12.a3 Rb8 13.Qc2 Qc7 14.Rd1 Bb7 15.Bd2 Ba8
16.Rab1 Rfc8 17.Ba6 Rd8 18.b3 Nf6 19.Bc3 Be4 20.Bd3 Bxf3 21.gxf3 Rd5 22.Be2
Rg5+ 23.Kh1 Rh5 24.f4 Qc6+ 25.Kg1 Rh4 26.Bxf6 Bxf6 27.Qd3 e5 28.Qd6 Rb6
29.Qxc6 Rxc6 30.fxe5 Bxe5 31.Rd5 Bxh2+ 32.Kg2 Bc7 33.f4 Rd6 34.Rxd6 Bxd6
35.Rd1 Bc7 36.Rd7 Bb6 37.Bc4 Kf8 38.Rxf7+ Ke8 39.Rb7 Kd8 40.a4 h6 41.Rg7 g5
42.f5 Bc7 43.Rg8+ Ke7 44.Rg7+ Kd8 45.Be6 Be5 46.Rd7+ Ke8 47.Rxa7 g4 48.Ra8+
Ke7 49.Ra7+ Ke8 50.a5 Rh2+ 51.Kg1 Ra2 52.a6 g3 53.Bc4 h5 54.Rh7 Ra1+ 55.Kg2
Ra2+ 56.Kg1 Ra1+ 57.Kg2 Ra2+ 58.Kg1 Ra1+ 59.Bf1 Ra2 60.Rxh5 g2 61.Bxg2 Rxa6
62.Bd5 Ra2 63.Rh7 Re2 64.e4 Bd4+ 65.Kf1 Rb2 66.Rh3 Ke7 67.Rd3 Kf6 68.Ke1 Ke5
69.Kd1 Kf4 70.Rd2 Rxd2+ 71.Kxd2 Ke5 72.Ke2 Bc3 73.Kd3 Ba5 74.Kc4 Bb4 75.Kb5
Ba3 76.Kc6 Bb4 77.Bc4 Kf6 78.Kd5 Ba3 79.Bd3 Bb4 80.e5+ Ke7 81.f6+ Kf7 82.Bc4
Ba3 83.Kd6+ Ke8 84.e6 Bb2 85.f7+ {#r} 1-0

[Event "PRO League Group Stage"]
[Site "masterchessopen.com chess.com INT"]
[Date "2017.02.15"]
[Round "6"]
[White "Van der Lende,I"]
[Black "Maze,S"]
[Result "1-0"]
[WhiteElo "2315"]
[BlackElo "2613"]

1.e4 c5 2.c3 Nf6 3.e5 Nd5 4.d4 cxd4 5.Nf3 Nc6 6.cxd4 d6 7.Bc4 e6 8.O-O Nb6
9.Bd3 dxe5 10.dxe5 Nb4 11.Be4 Qxd1 12.Rxd1 N4d5 13.a4 a5 14.Nc3 Nxc3 15.bxc3
Bc5 16.Nd4 O-O 17.Nb3 Be7 18.Be3 Nc4 19.Bd4 Bd7 20.Bc5 Bxc5 21.Rxd7 Nxe5
22.Nxc5 Nxd7 23.Nxd7 Rfd8 24.Bxb7 Ra7 25.Nc5 Rd2 26.h3 g6 27.Rb1 Rc2 28.Rb3
Kf8 29.Nd7+ Ke7 30.Ne5 Kd6 31.Nxf7+ Kc7 32.Be4 Ra2 33.Ng5 Rxa4 34.Nxe6+ Kd6
35.Nd4 Ra1+ 36.Kh2 a4 37.Rb6+ Kd7 38.Nb5 Ra5 39.Bd5 a3 40.Rb7+ Kd8 41.Be6 a2
42.Rd7+ Ke8 43.Nd6+ Kf8 44.Rf7+ Kg8 45.Ra7+ {#r} 1-0

[Event "PRO League Group Stage"]
[Site "masterchessopen.com chess.com INT"]
[Date "2017.02.15"]
[Round "6"]
[White "Margvelashvili,G"]
[Black "Dragun,K"]
[Result "0-1"]
[WhiteElo "2530"]
[BlackElo "2614"]

1.Nf3 Nf6 2.c4 e6 3.d4 d5 4.Bg5 Bb4+ 5.Nc3 dxc4 6.e4 b5 7.e5 h6 8.exf6 hxg5
9.fxg7 Rg8 10.h4 g4 11.Ne5 Rxg7 12.Be2 Bb7 13.Bxg4 Nd7 14.Nxd7 Qxd7 15.Bf3
O-O-O 16.a3 Ba5 17.O-O Bb6 18.a4 b4 19.Bxb7+ Kxb7 20.Ne4 Qc6 21.Qe2 Rxd4
22.Rfe1 f5 23.Ng5 Rxh4 24.Nf3 Rhg4 {#R} 0-1

[Event "PRO League Group Stage"]
[Site "masterchessopen.com chess.com INT"]
[Date "2017.02.15"]
[Round "6"]
[White "Maze,S"]
[Black "Spoelman,W"]
[Result "0-1"]
[WhiteElo "2613"]
[BlackElo "2584"]

1.f4 d5 2.Nf3 Nf6 3.Kf2 g6 4.d3 Bg7 5.g3 c5 6.Bg2 Nc6 7.Re1 O-O 8.c3 d4 9.h3
Nd5 10.c4 Ne3 11.Qb3 e5 12.Bxe3 dxe3+ 13.Kg1 exf4 14.gxf4 Qc7 15.Nc3 Qxf4
16.Rf1 Qh6 17.Qb5 Bxh3 18.Qxb7 Nd4 19.Nxd4 cxd4 20.Ne4 Be5 21.Nf6+ Kg7 22.Bxh3
Qxh3 23.Qg2 Qxg2+ {#R} 0-1

[Event "PRO League Group Stage"]
[Site "masterchessopen.com chess.com INT"]
[Date "2017.02.15"]
[Round "6"]
[White "Fernandez,Dan SIN"]
[Black "Jensson,E"]
[Result "1-0"]
[WhiteElo "2473"]
[BlackElo "2386"]

1.d4 d5 2.Nf3 e6 3.Bf4 Nf6 4.c3 c5 5.Nbd2 Qb6 6.Qb3 c4 7.Qxb6 axb6 8.Bxb8 Rxb8
9.g3 b5 10.a3 Bd6 11.Bg2 O-O 12.O-O Bd7 13.Ne1 Bc6 14.Nc2 Nd7 15.e4 f5 16.exd5
exd5 17.Nb4 Nb6 18.Rfe1 Rbe8 19.Nf3 Na4 20.Rab1 Rxe1+ 21.Nxe1 Re8 22.Kf1 Nb6
23.f4 Bxb4 24.axb4 Ra8 25.Ke2 Ra2 26.Kd2 Kf7 27.Kc1 Ke7 28.Bf3 Be8 29.Nc2 Kf6
30.Ne3 Bc6 31.h3 h6 32.Bd1 g5 33.Bc2 Bd7 34.Kd2 Be6 35.fxg5+ hxg5 36.h4 gxh4
37.gxh4 Na4 38.Bxa4 bxa4 39.Ng2 a3 40.Nf4 axb2 41.Kc2 Bf7 42.b5 b6 43.Rxb2 Ra1
44.Rb1 Ra2+ 45.Rb2 Ra1 46.Kd2 Rh1 47.Ke3 Rxh4 48.Ra2 Kg5 49.Ra7 Rxf4 50.Rxf7
Re4+ 51.Kf3 Rh4 52.Rg7+ Kh5 53.Rh7+ Kg5 54.Rxh4 Kxh4 55.Kf4 Kh3 56.Kxf5 Kg2
57.Ke5 Kf3 58.Kxd5 {#r} 1-0

[Event "PRO League Group Stage"]
[Site "masterchessopen.com chess.com INT"]
[Date "2017.02.15"]
[Round "6"]
[White "Haria,R"]
[Black "Hjartarson,J"]
[Result "0-1"]
[WhiteElo "2382"]
[BlackElo "2540"]

1.Nf3 Nf6 2.g3 b6 3.Bg2 Bb7 4.O-O c5 5.c4 g6 6.Nc3 Bg7 7.d4 cxd4 8.Qxd4 O-O
9.Qh4 d6 10.Rd1 Nbd7 11.Bh6 Re8 12.Bxg7 Kxg7 13.Rac1 Rc8 14.b3 Rc5 15.Qd4 Qa8
16.h3 Rec8 17.Qe3 Ne5 18.Ne1 Bxg2 19.Nxg2 Qb7 20.Nf4 a6 21.a4 h5 22.Ncd5 Nxd5
23.Nxd5 b5 24.f4 bxc4 25.Nc3 cxb3 26.fxe5 b2 27.Rc2 Rxe5 28.Qd2 Rxc3 29.Rxc3
b1=Q 30.Rxb1 Qxb1+ 31.Kh2 Qf1 32.e3 f6 33.Rc2 Qf3 34.Rc3 g5 {#R} 0-1

[Event "PRO League Group Stage"]
[Site "masterchessopen.com chess.com INT"]
[Date "2017.02.15"]
[Round "6"]
[White "Brown,Michael William"]
[Black "Akobian,V"]
[Result "1-0"]
[WhiteElo "2452"]
[BlackElo "2633"]

1.d4 Nf6 2.c4 e6 3.Nc3 Bb4 4.e3 O-O 5.Bd3 d5 6.Nf3 c5 7.O-O dxc4 8.Bxc4 Nbd7
9.Qe2 a6 10.a3 Ba5 11.a4 Qe7 12.Rd1 Rd8 13.h3 h6 14.dxc5 Nxc5 15.Bd2 b6 16.Ne5
Bb7 17.f3 Rac8 18.e4 Qc7 19.Bf4 Rxd1+ 20.Nxd1 Ncd7 21.Nxd7 Qxf4 22.Nxf6+ Qxf6
23.Ne3 Bb4 24.Bxa6 Bxa6 25.Qxa6 Rb8 26.Qe2 Rd8 27.Rd1 Rxd1+ 28.Nxd1 Qd4+
29.Kh2 Bc5 30.Nc3 Qg1+ 31.Kg3 h5 32.h4 Be7 33.f4 g6 34.Qd1 Qe3+ 35.Kh2 Qxf4+
36.g3 Qf2+ 37.Kh3 {#r} 1-0

[Event "PRO League Group Stage"]
[Site "masterchessopen.com chess.com INT"]
[Date "2017.02.15"]
[Round "6"]
[White "Villanueva,Mar"]
[Black "Vovk,A"]
[Result "1-0"]
[WhiteElo "2425"]
[BlackElo "2633"]

1.e4 c5 2.Nf3 d6 3.d4 cxd4 4.Nxd4 Nf6 5.Nc3 Nc6 6.Bg5 e6 7.Qd2 a6 8.O-O-O Bd7
9.f4 b5 10.Bxf6 gxf6 11.Nxc6 Bxc6 12.f5 h5 13.Kb1 Qb6 14.fxe6 fxe6 15.Bd3 b4
16.Ne2 Bh6 17.Qe1 Qc5 18.Rf1 Kf7 19.Nf4 Bxf4 20.Rxf4 Qe5 21.Qh4 Rh6 22.Bc4 Ke7
23.Qg3 Rh7 24.b3 a5 25.Rdf1 Rf8 26.Qf2 Bd7 27.Re1 Rg7 28.g3 Rg5 29.h4 Rg6
30.Rf5 Qxg3 31.Qxg3 Rxg3 32.Rxh5 a4 33.bxa4 Bxa4 34.Ra5 Bd7 35.Ra7 Rb8 36.Rh1
Rg4 37.Bb3 Rg7 38.h5 Rh7 39.h6 d5 40.exd5 e5 41.d6+ Kd8 42.Rg1 Rh8 43.Rg8+
Rxg8 44.Bxg8 e4 45.h7 {#r} 1-0

[Event "PRO League Group Stage"]
[Site "masterchessopen.com chess.com INT"]
[Date "2017.02.15"]
[Round "6"]
[White "Villanueva,Mar"]
[Black "Norowitz,Yaacov"]
[Result "1-0"]
[WhiteElo "2425"]
[BlackElo "2429"]

1.e4 c6 2.d4 d5 3.e5 Bf5 4.h4 Qb6 5.Nc3 h6 6.g4 Bd7 7.Na4 Qc7 8.h5 e6 9.f4 Na6
10.Be3 c5 11.Nxc5 Nxc5 12.dxc5 Bxc5 13.Bxc5 Qxc5 14.Qd2 Ne7 15.Nf3 Bb5
16.O-O-O O-O-O 17.Bxb5 Qxb5 18.Nd4 Qa4 19.Rh3 Kb8 20.Ra3 Qd7 21.Qa5 a6 22.Rdd3
Nc6 23.Nxc6+ Qxc6 24.Rdc3 Qb5 25.Qxb5 axb5 26.Rcb3 g6 27.hxg6 fxg6 28.Rxb5 h5
29.gxh5 gxh5 30.Rh3 h4 31.Rb6 Rdf8 32.Rxe6 Rxf4 33.Rd6 Rf1+ 34.Kd2 Rf2+ 35.Kd3
Rc8 36.c3 Rxb2 37.e6 Re8 38.Rxh4 Kc7 39.Rd7+ Kc6 40.Rhh7 Rxe6 41.Rc7+ Kd6
42.Rxb7 Rxb7 43.Rxb7 Kc5 44.a4 Re1 45.Rb5+ Kc6 46.Kc2 Ra1 47.Rb4 Kc5 48.Kb2
Rh1 49.a5 Rh6 50.Kb3 Ra6 51.Ka4 Rg6 52.Rb5+ Kc4 53.Rb6 Rg1 54.Rc6+ Kd3 55.a6
d4 56.cxd4 Kxd4 57.Kb5 Rb1+ 58.Ka5 Kd5 59.Rc2 Kd6 60.a7 Ra1+ 61.Kb6 Rb1+
62.Ka6 Ra1+ 63.Kb7 Rb1+ 64.Kc8 Ra1 65.Rc7 Ra2 66.Kb8 Rh2 67.a8=Q {#r} 1-0

[Event "PRO League Group Stage"]
[Site "masterchessopen.com chess.com INT"]
[Date "2017.02.15"]
[Round "6"]
[White "Wang,Jason"]
[Black "Lenderman,A"]
[Result "0-1"]
[WhiteElo "2006"]
[BlackElo "2573"]

1.d4 e6 2.c4 b6 3.e4 Bb7 4.Nc3 Bb4 5.Qc2 Qh4 6.Bd3 f5 7.g3 Bxc3+ 8.bxc3 Qh5
9.Be2 Qf7 10.Bf3 fxe4 11.Bxe4 Bxe4 12.Qxe4 Nc6 13.Nf3 Nf6 14.Qe2 O-O 15.O-O
Ne4 16.Qxe4 Qxf3 17.Qxf3 Rxf3 18.Bb2 Na5 19.Rad1 Nxc4 20.Ba1 Raf8 21.a4 g5
22.h3 h5 23.d5 e5 24.d6 c5 25.Kg2 g4 26.h4 R8f5 27.Kg1 Kf7 28.Kg2 Ke6 29.Kg1
Nxd6 30.Kg2 Ne4 31.c4 Rxf2+ 32.Rxf2 Rxf2+ 33.Kg1 Rf3 34.Kg2 Rxg3+ 35.Kh2 Re3
36.Kg2 Re2+ 37.Kf1 Ra2 38.Re1 Nd2+ 39.Ke2 Nf3+ {#R} 0-1

[Event "PRO League Group Stage"]
[Site "masterchessopen.com chess.com INT"]
[Date "2017.02.15"]
[Round "6"]
[White "Wang,Jason"]
[Black "Shen,V"]
[Result "0-1"]
[WhiteElo "2006"]
[BlackElo "2406"]

1.d4 Nf6 2.c4 e6 3.Nc3 Bb4 4.f3 Nh5 5.Nh3 f5 6.e4 O-O 7.Bg5 Be7 8.Bxe7 Qxe7
9.exf5 exf5+ 10.Be2 Nc6 11.O-O Qe3+ 12.Kh1 Qxd4 13.Qxd4 Nxd4 14.Bd3 d6 15.Nd5
c6 16.Ne7+ Kh8 17.Nxc8 Raxc8 18.Rfe1 Rce8 19.Kg1 g6 20.Kf2 Kg7 21.Rad1 c5
22.Bb1 h6 23.g3 g5 24.Ng1 g4 25.f4 Nf6 26.Ne2 Nf3 27.Rh1 Ne4+ 28.Bxe4 Rxe4
29.Rxd6 Rfe8 30.Nc3 Rd4 31.Rxd4 cxd4 32.Nd5 d3 33.Ne3 Kg6 34.Rd1 d2 35.h3 h5
36.hxg4 hxg4 37.Ke2 Rh8 38.Nf1 Rh3 39.Kf2 Rh1 40.Ke2 Rg1 41.Nxd2 Rg2+ 42.Ke3
Nxd2 43.Rxd2 Rxg3+ 44.Kd4 Rf3 45.Ke5 Re3+ 46.Kd5 g3 47.Kd4 Re4+ 48.Kd3 Rxf4
49.Rg2 Rg4 50.Ke3 Kg5 51.Kf3 Kh4 52.c5 Kh3 53.Rg1 g2 54.b4 Kh2 55.Rxg2+ Rxg2
{#R} 0-1

[Event "PRO League Group Stage"]
[Site "masterchessopen.com chess.com INT"]
[Date "2017.02.15"]
[Round "6"]
[White "Hua,D"]
[Black "Chjumachenko,A"]
[Result "1-0"]
[WhiteElo "2285"]
[BlackElo "2327"]

1.d4 Nf6 2.c4 g6 3.f3 d5 4.cxd5 Nxd5 5.e4 Nb6 6.Nc3 Bg7 7.Be3 O-O 8.Qd2 Nc6
9.O-O-O e5 10.d5 Nd4 11.f4 Bg4 12.Re1 c5 13.fxe5 Bxe5 14.h3 Qh4 15.Bd3 Rac8
16.Rf1 f5 17.Bg5 Qh5 18.hxg4 Qxh1 19.Nh3 Qh2 20.gxf5 c4 21.Bb1 Nd7 22.Bf4 Bxf4
23.Nxf4 g5 24.Nh3 Qe5 25.Rd1 g4 26.Nf2 Nb3+ 27.axb3 Nc5 28.Qg5+ Kh8 29.Rh1
Nxb3+ 30.Kd1 Rg8 31.Qh6 Rc7 32.Bc2 Qd4+ 33.Ke2 g3 34.Nh3 Qg7 35.Qxg7+ Rgxg7
36.Bxb3 cxb3 37.d6 Rc6 38.Rd1 Rd7 39.e5 b5 40.Ne4 Rc2+ 41.Rd2 Kg7 42.e6 Rxd2+
43.Kxd2 Rb7 44.d7 Rb8 45.e7 Kf7 46.e8=Q+ Rxe8 47.Nd6+ Kf6 48.dxe8=Q h5 49.Qe6+
Kg7 50.Qg6+ Kh8 51.Nf7# 1-0

[Event "PRO League Group Stage"]
[Site "masterchessopen.com chess.com INT"]
[Date "2017.02.15"]
[Round "6"]
[White "Hua,D"]
[Black "Breckenridge,S"]
[Result "1-0"]
[WhiteElo "2285"]
[BlackElo "2239"]

1.d4 Nf6 2.c4 g6 3.f3 Bg7 4.e4 d6 5.Nc3 O-O 6.Be3 e5 7.d5 a5 8.Qd2 Na6 9.g4
Nc5 10.Nge2 Bxg4 11.fxg4 Nfxe4 12.Nxe4 Nxe4 13.Qc2 Qh4+ 14.Ng3 Nxg3 15.Bf2
Qxg4 16.hxg3 f5 17.Bh3 Qg5 18.Qd2 f4 19.Be6+ Kh8 20.O-O-O Bh6 21.g4 e4 22.Rxh6
e3 23.Qc3+ Qe5 24.Qxe5+ dxe5 25.Rdh1 Kg7 26.Rxh7+ Kf6 27.g5+ {#r} 1-0

[Event "PRO League Group Stage"]
[Site "masterchessopen.com chess.com INT"]
[Date "2017.02.15"]
[Round "6"]
[White "Akylbekov,Nasyr"]
[Black "Fishbein,A"]
[Result "0-1"]
[WhiteElo "2222"]
[BlackElo "2481"]

1.e4 e5 2.Nf3 Nc6 3.Nc3 Nf6 4.d4 exd4 5.Nxd4 Bb4 6.Nxc6 bxc6 7.Bd3 d5 8.exd5
Qe7+ 9.Kf1 cxd5 10.Bg5 Bxc3 11.bxc3 O-O 12.Qf3 Rb8 13.Re1 Qd6 14.Bxf6 Qxf6
15.Qxf6 gxf6 16.f3 Rb2 17.Kf2 Be6 18.Rb1 Rfb8 19.Rxb2 Rxb2 20.f4 c5 21.f5 Bd7
22.c4 dxc4 23.Be4 Ba4 24.Rc1 Rxa2 25.Ke3 Kf8 26.g4 Ke7 27.h4 h6 28.Kf4 c3
29.g5 hxg5+ 30.hxg5 fxg5+ 31.Kxg5 f6+ 32.Kg6 Rb2 33.Bd3 c4 34.Bxc4 Bxc2
35.Re1+ Kd6 36.Re3 Kc5 37.Rxc3 Kb4 38.Rxc2 Rxc2 39.Be6 Kc5 40.Kxf6 Kd6 41.Kg5
a5 42.Kf4 a4 43.Ke3 a3 44.Kd3 a2 45.Kxc2 a1=Q 46.Kd3 Ke5 47.Kc4 Qd4+ 48.Kb3
Kf4 49.Ka3 Ke3 50.Ka2 Kd2 51.Kb3 Qc3+ 52.Ka4 Qb2 53.Ka5 Kc3 54.f6 Qb4+ 55.Ka6
Qd6+ {#R} 0-1

[Event "PRO League Group Stage"]
[Site "masterchessopen.com chess.com INT"]
[Date "2017.02.15"]
[Round "6"]
[White "Akylbekov,Nasyr"]
[Black "Stripunsky,A"]
[Result "0-1"]
[WhiteElo "2222"]
[BlackElo "2536"]

1.e4 c5 2.Nf3 e6 3.d4 cxd4 4.Nxd4 a6 5.Bd3 Qc7 6.Nd2 Nf6 7.Qe2 d6 8.O-O e5
9.N4f3 Be7 10.h3 O-O 11.Rd1 Nbd7 12.c3 Nc5 13.Bc2 b5 14.Nf1 Be6 15.Ng3 Rab8
16.Qe1 Rfe8 17.Bg5 a5 18.b3 a4 19.b4 Ncd7 20.a3 Nb6 21.Bd3 Nc4 22.Bxc4 Qxc4
23.Bxf6 Bxf6 24.Rxd6 Rbc8 25.Rad1 Qxc3 26.Qxc3 Rxc3 27.R6d3 Rb3 28.Nh5 Rc8
29.Nxf6+ gxf6 30.Nh4 Kg7 31.Kh2 Rxd3 32.Rxd3 Rc2 33.Rg3+ Kf8 34.Rf3 Ke7 35.Kg3
Rb2 36.Re3 Bc4 37.Nf5+ Kd7 38.Kf3 Rb3 39.Ng3 Ke6 40.h4 Bd3 41.Ne2 Bxe2+
42.Kxe2 Rb2+ 43.Kf3 f5 44.exf5+ Kxf5 45.g4+ Ke6 46.Rd3 f5 47.gxf5+ Kxf5 48.Rd5
Rb3+ 49.Kg2 Rxa3 50.Rxb5 Rb3 51.Rb7 h5 52.Rb5 Ke4 53.Rb8 Kd4 54.b5 a3 55.b6
Kc3 56.Kf3 a2 57.Ra8 Kb2+ 58.Ke4 Rxb6 59.Kxe5 Rb3 60.Rxa2+ Kxa2 61.Kf5 Rb5+
62.Kg6 Kb3 63.f4 Kc4 64.f5 Kd5 65.Kxh5 Ke5 66.Kg6 Rb6+ 67.Kg5 Rb1 68.h5 Rg1+
69.Kh6 Kf6 70.Kh7 Rh1 71.h6 Rh2 {#R} 0-1

[Event "PRO League Group Stage"]
[Site "masterchessopen.com chess.com INT"]
[Date "2017.02.15"]
[Round "6"]
[White "Nihal,Sarin"]
[Black "Tari,A"]
[Result "1-0"]
[WhiteElo "2340"]
[BlackElo "2584"]

1.d4 Nf6 2.c4 e6 3.Nc3 Bb4 4.Qc2 O-O 5.Nf3 c5 6.dxc5 Na6 7.g3 Nxc5 8.Bg2 b6
9.O-O Bxc3 10.Qxc3 Bb7 11.b3 Qe7 12.Bb2 d6 13.Rac1 Rac8 14.Rfd1 e5 15.Nh4 Bxg2
16.Nxg2 Nfe4 17.Qc2 f5 18.b4 Nd7 19.Ne3 Qg5 20.Nd5 Kh8 21.a4 Ndf6 22.Kg2 Qh5
23.f3 Ng5 24.h4 Nxd5 25.Rxd5 Nf7 26.c5 bxc5 27.bxc5 f4 28.Qe4 dxc5 29.Bxe5
Nxe5 30.Rxe5 Qh6 31.g4 Qd6 32.Rd5 Qb6 33.Rc4 Rce8 34.Re5 Rc8 35.Rf5 Rxf5
36.Qxf5 Re8 37.Re4 Qc6 38.Qxf4 h6 39.Rxe8+ Qxe8 40.Kf2 Qc6 41.Qc4 Qd6 42.f4 a5
43.g5 Qc6 44.e4 Qd6 45.Qd5 Qb6 46.Kf3 hxg5 47.hxg5 g6 48.f5 Kg7 49.f6+ Kf8
50.Qd7 Qb3+ 51.Kg4 Qf7 52.Qxf7+ Kxf7 53.Kf4 Ke6 54.e5 {#r} 1-0

[Event "PRO League Group Stage"]
[Site "masterchessopen.com chess.com INT"]
[Date "2017.02.15"]
[Round "6"]
[White "Nihal,Sarin"]
[Black "Holm,Kristian Stuvik"]
[Result "1-0"]
[WhiteElo "2340"]
[BlackElo "2398"]

1.d4 Nf6 2.c4 g6 3.Nc3 d5 4.Bg5 Ne4 5.Bh4 Nxc3 6.bxc3 dxc4 7.e3 Be6 8.Rb1 Bg7
9.Nf3 O-O 10.Be2 Bd5 11.Qc2 c5 12.O-O cxd4 13.cxd4 b6 14.Bxc4 Nc6 15.Rfc1 Bxc4
16.Qxc4 Na5 17.Qc7 Qxc7 18.Rxc7 e6 19.Nd2 h6 20.Be7 Rfb8 21.Kf1 b5 22.Rbc1 Rb6
23.Ke2 Ra6 24.R1c2 Rb8 25.h4 Rb7 26.Rc8+ Kh7 27.Bb4 Nc4 28.Nxc4 bxc4 29.R8xc4
Ra4 30.a3 Bf6 31.g3 a5 32.Bd6 Rxc4 33.Rxc4 Kg7 34.Rc7 Rb2+ 35.Kf3 g5 36.hxg5
hxg5 37.Rc5 Rb3 38.Rxa5 Bxd4 39.Rxg5+ Kh7 40.a4 Bf6 41.Rb5 Rd3 42.Be5 Bd8
43.Rb8 Kg6 44.Bd4 e5 45.Rxd8 exd4 46.Rxd4 Ra3 47.Rd6+ f6 48.Ra6 Kg5 49.a5 Ra2
50.Ra8 Kg6 51.a6 Kg7 52.a7 Kh7 53.g4 Kg7 54.Kg3 Ra4 55.f4 Ra3 56.Kf3 Ra4 57.e4
Ra3+ 58.Kg2 Kh7 59.e5 fxe5 60.fxe5 Kg7 61.e6 Kf6 62.Rf8+ {#r} 1-0

[Event "PRO League Group Stage"]
[Site "masterchessopen.com chess.com INT"]
[Date "2017.02.15"]
[Round "6"]
[White "Gozzoli,Y"]
[Black "Meier,Geo"]
[Result "1-0"]
[WhiteElo "2583"]
[BlackElo "2630"]

1.d4 Nf6 2.c4 e6 3.Nf3 d5 4.g3 Bb4+ 5.Bd2 Be7 6.Bg2 O-O 7.O-O c6 8.Na3 Nbd7
9.Rc1 Ne4 10.Be3 b6 11.cxd5 cxd5 12.Bf4 Ba6 13.Bc7 Qe8 14.Ne1 Bxa3 15.bxa3 Qe7
16.Bxe4 dxe4 17.Nc2 Rfc8 18.Nb4 Bb7 19.Qb3 a5 20.Nc6 Qe8 21.Ne5 Bd5 22.Qb2
Nxe5 23.dxe5 b5 24.Qd2 b4 25.Rc5 Qa4 26.Rfc1 Qxa3 27.R5c2 h6 28.h4 Qa4 29.Kh2
Qd7 30.h5 Ra6 31.g4 Rc6 32.Bxa5 Rxc2 33.Rxc2 Rxc2 34.Qxc2 Qa7 35.Bxb4 Qxf2+
36.Kh3 Qf1+ 37.Kg3 Qg1+ 38.Kh3 Qh1+ 39.Kg3 e3 40.Kf4 Qg2 41.Qc8+ Kh7 42.Qc2+
g6 43.hxg6+ Kg7 44.Kxe3 Qg3+ 45.Kd4 Qxg4+ 46.e4 Kxg6 47.Be7 h5 48.Kc5 Bxe4
49.Qf2 Bf5 50.Qh4 Qg1+ 51.Kd6 Qb6+ 52.Kd7 Qb7+ 53.Ke8 Qc6+ 54.Kf8 Qc8+ 55.Bd8
Bc2 56.Qg5+ Kh7 57.Qg7# 1-0

[Event "PRO League Group Stage"]
[Site "masterchessopen.com chess.com INT"]
[Date "2017.02.15"]
[Round "6"]
[White "Mohammad,Nubairshah Shaikh"]
[Black "Kantans,T"]
[Result "1-0"]
[WhiteElo "2412"]
[BlackElo "2456"]

1.d4 Nf6 2.c4 e6 3.Nc3 Bb4 4.Qc2 O-O 5.e4 d5 6.e5 Ne4 7.Bd3 c5 8.Ne2 Nc6
9.cxd5 exd5 10.O-O Bxc3 11.bxc3 cxd4 12.Ba3 Re8 13.cxd4 Qa5 14.Qb2 Nd2 15.Rfc1
Nc4 16.Bxc4 dxc4 17.Rxc4 Qa6 18.Rac1 Be6 19.R4c2 Rad8 20.Bd6 Na5 21.Qa3 Bf5
22.Rd2 Rc8 23.Bc7 b6 24.Ng3 Bg6 25.d5 Qb5 26.Rdd1 Nc4 27.Qb3 Qxb3 28.axb3 Nb2
29.d6 Nxd1 30.Rxd1 Kf8 31.f4 Bc2 32.Rc1 Bxb3 33.d7 Ke7 34.dxc8=Q Rxc8 35.Bd6+
Kd7 36.Rxc8 Kxc8 37.Nf5 g6 38.Nd4 Bc4 39.Kf2 Kd7 40.Ke3 h5 41.f5 gxf5 42.Nxf5
a5 43.Ng7 h4 44.Nf5 h3 45.gxh3 Be6 46.Kf4 b5 47.h4 b4 48.h5 f6 49.exf6 Bg8
50.Ke5 Ke8 51.Ne7 Bh7 52.Ke6 {#r} 1-0

[Event "PRO League Group Stage"]
[Site "masterchessopen.com chess.com INT"]
[Date "2017.02.15"]
[Round "6"]
[White "Mihok,O"]
[Black "Nakyp,Rakhimjan"]
[Result "1-0"]
[WhiteElo "2505"]
[BlackElo "2096"]

1.e4 c6 2.d4 d5 3.Nd2 dxe4 4.Nxe4 Bf5 5.Ng3 Bg6 6.Bc4 e6 7.N1e2 Nd7 8.h4 Nb6
9.Bb3 Ne7 10.h5 Bf5 11.Bf4 h6 12.Nxf5 Nxf5 13.g4 Nd6 14.Qd3 Be7 15.Be5 Bf6
16.O-O-O Qe7 17.f4 O-O-O 18.Kb1 Nb5 19.Qf3 Rhf8 20.c4 Nc7 21.Nc3 Bxe5 22.fxe5
f5 23.gxf5 Rxf5 24.Qe3 Rdf8 25.Ne4 Kb8 26.Nd6 Rf3 27.Qe4 Ne8 28.Rhg1 Nxd6
29.exd6 Qxd6 30.c5 Qh2 31.cxb6 Ka8 32.Qe5 Qf2 33.Rxg7 Re3 34.Qc7 {#r} 1-0